Los entornos virtuales en el proceso de enseąnza y aprendizaje

Detalles Bibliográficos
Autor principal: Garca̕ Ayala, Esperanza de Jess︢
Formato: eBook
Lenguaje:español
Publicado: Veracruz: Universidad de Xalapa, 2017
Materias:
Acceso en línea:Acceso restringido

MARC

LEADER 00000nam a22000007a 4500
005 20180510012443.0
007 cr|||| ||||
008 180510s2017 mx |||||s|||| 00||0 spa d
020 |a 978-607-8156-57-3 
035 |a 21168 
040 |a vLex 
090 |c 7933  |d 7933 
100 1 |a Garca̕ Ayala, Esperanza de Jess︢ 
245 1 3 |a Los entornos virtuales en el proceso de enseąnza y aprendizaje  |h [Recurso electrn̤ico] /  |c Esperanza de Jess︢ Garca̕ Ayala 
256 |a Servicio en ln̕ea 
260 |a Veracruz:  |b Universidad de Xalapa,  |c 2017 
300 |a 1 recurso electrn̤ico (319 p.) 
506 1 |a Disponible solo en los productos indicados  |d vLex Global  |d vLex Global (Academic Edition, excluding Law Schools)  |d vLex Global (U.S. Academic Edition, Law Schools)  |d vLex Global (U.S. Academic Edition, excluding Law Schools)  |d vLex Global (Academic Edition, Law Schools) 
650 0 4 |a Derecho de las Nuevas Tecnologa̕s  |z Mx̌ico 
650 0 4 |a Educacin̤  |z Mx̌ico 
740 0 |a vLex Libros (Servicio en ln̕ea) 
856 4 0 |u http://vlex.com/source/entornos-virtuales-proceso-ense-anza-aprendizaje-21168  |z Acceso restringido 
942 |c BOOK 
999 0 |a Right of New Technologies 
999 0 |a Education